<?xml version="1.0" encoding="UTF-8"?>
<record
    xmlns:xsi="http://www.w3.org/2001/XMLSchema-instance"
    xsi:schemaLocation="http://www.loc.gov/MARC21/slim http://www.loc.gov/standards/marcxml/schema/MARC21slim.xsd"
    xmlns="http://www.loc.gov/MARC21/slim">

  <leader>01318nam a2200265   4500</leader>
  <controlfield tag="001">390</controlfield>
  <controlfield tag="003">OSt</controlfield>
  <controlfield tag="005">20250409081210.0</controlfield>
  <controlfield tag="008">250408b        |||||||b |||| 00| 1 eng d</controlfield>
  <datafield tag="040" ind1=" " ind2=" ">
    <subfield code="b">por</subfield>
  </datafield>
  <datafield tag="041" ind1=" " ind2=" ">
    <subfield code="h">por</subfield>
  </datafield>
  <datafield tag="082" ind1=" " ind2=" ">
    <subfield code="a">I 028.5</subfield>
    <subfield code="b">G158</subfield>
  </datafield>
  <datafield tag="245" ind1=" " ind2=" ">
    <subfield code="a">A Galinha ruiva /</subfield>
    <subfield code="c">Ilustra&#xE7;&#xF5;es de  Yasmin Mundaca</subfield>
  </datafield>
  <datafield tag="260" ind1=" " ind2=" ">
    <subfield code="a">Belo Horizonte</subfield>
    <subfield code="b">Educacional</subfield>
    <subfield code="c">1998</subfield>
  </datafield>
  <datafield tag="300" ind1=" " ind2=" ">
    <subfield code="a">23 p.</subfield>
    <subfield code="b">il.</subfield>
  </datafield>
  <datafield tag="520" ind1=" " ind2=" ">
    <subfield code="a">A galinha ruiva encontra um gr&#xE3;o de milho e decide plant&#xE1;-lo. Ela pede ajuda aos seus amigos animais da fazenda (geralmente um gato, um cachorro e um porco) para plantar, regar, colher o milho, debulhar, moer o gr&#xE3;o e assar um bolo. Em todas as etapas, recebe a recusa dos amigos pregui&#xE7;osos. Determinada, a galinha realiza todo o trabalho sozinha com seus pintinhos. Quando o bolo est&#xE1; pronto e cheiroso, os amigos aparecem querendo provar, mas a galinha os lembra de sua falta de colabora&#xE7;&#xE3;o e se recusa a compartilhar, ensinando uma li&#xE7;&#xE3;o sobre a import&#xE2;ncia da ajuda e do trabalho em equipe.</subfield>
  </datafield>
  <datafield tag="650" ind1=" " ind2="0">
    <subfield code="a">Literatura Brasileira</subfield>
    <subfield code="9">205</subfield>
  </datafield>
  <datafield tag="650" ind1=" " ind2="0">
    <subfield code="a">Hist&#xF3;rias cl&#xE1;ssicas infantis</subfield>
    <subfield code="9">826</subfield>
  </datafield>
  <datafield tag="650" ind1=" " ind2="0">
    <subfield code="a">Infantil</subfield>
    <subfield code="9">535</subfield>
  </datafield>
  <datafield tag="650" ind1=" " ind2="0">
    <subfield code="a">Amizade e Solidariedade</subfield>
    <subfield code="9">816</subfield>
  </datafield>
  <datafield tag="650" ind1=" " ind2="0">
    <subfield code="a">Galinha ruiva</subfield>
    <subfield code="9">819</subfield>
  </datafield>
  <datafield tag="655" ind1=" " ind2="0">
    <subfield code="a">Livro Infantil</subfield>
    <subfield code="9">568</subfield>
  </datafield>
  <datafield tag="700" ind1=" " ind2=" ">
    <subfield code="a">Yasmin Mundaca</subfield>
    <subfield code="e">ILUSTRADOR</subfield>
    <subfield code="9">818</subfield>
  </datafield>
  <datafield tag="942" ind1=" " ind2=" ">
    <subfield code="2">ddc</subfield>
    <subfield code="n">0</subfield>
    <subfield code="c">BK</subfield>
  </datafield>
  <datafield tag="952" ind1=" " ind2=" ">
    <subfield code="0">0</subfield>
    <subfield code="1">0</subfield>
    <subfield code="2">ddc</subfield>
    <subfield code="4">0</subfield>
    <subfield code="7">0</subfield>
    <subfield code="8">LI</subfield>
    <subfield code="a">BIBIB</subfield>
    <subfield code="b">BIBIB</subfield>
    <subfield code="c">INF</subfield>
    <subfield code="d">2025-04-08</subfield>
    <subfield code="e">doa&#xE7;&#xE3;o</subfield>
    <subfield code="l">0</subfield>
    <subfield code="o">I 028.5 / G158</subfield>
    <subfield code="p">2025-17326</subfield>
    <subfield code="r">2025-04-08 13:15:35</subfield>
    <subfield code="t">Ex. 01</subfield>
    <subfield code="w">2025-04-08</subfield>
    <subfield code="y">BK</subfield>
  </datafield>
  <datafield tag="952" ind1=" " ind2=" ">
    <subfield code="0">0</subfield>
    <subfield code="1">0</subfield>
    <subfield code="2">ddc</subfield>
    <subfield code="4">0</subfield>
    <subfield code="7">0</subfield>
    <subfield code="8">LI</subfield>
    <subfield code="a">BIBIB</subfield>
    <subfield code="b">BIBIB</subfield>
    <subfield code="c">INF</subfield>
    <subfield code="d">2025-04-09</subfield>
    <subfield code="e">doa&#xE7;&#xE3;o</subfield>
    <subfield code="l">0</subfield>
    <subfield code="o">I 028.5 / G158	</subfield>
    <subfield code="p">2025-17331</subfield>
    <subfield code="r">2025-04-09 08:10:11</subfield>
    <subfield code="t">Ex. 02</subfield>
    <subfield code="w">2025-04-09</subfield>
    <subfield code="y">BK</subfield>
  </datafield>
  <datafield tag="999" ind1=" " ind2=" ">
    <subfield code="c">390</subfield>
    <subfield code="d">390</subfield>
  </datafield>
</record>
